Volcanoes

Bibliographic Details
Main Author: Lye, Keith
Format: Book
Published: London : Franklin Watts , 1992
Series:First start
Subjects:

MARC

LEADER 00000cam a2200000 7i4500
001 0000001240
002 000001369
005 20051003.0
020 |a 0749608803 
090 0 0 |a 030   |b FIR 
100 1 |a Lye, Keith 
245 1 0 |a Volcanoes   |c Keith Lye 
260 |a London :   |b Franklin Watts ,   |c 1992 
300 |a 32p. :   |b ill. ;   |c 22cm. 
490 0 |a First start 
650 0 0 |a Volcanoes   |x Juvenile literature 
999 |a 031029   |b BUKU   |c JUNIOR BOOKS   |e PERPUSTAKAAN KOMUNITI CAW KOTA DAMANSARA